00952 2200325 4500001002100000005001500021035002000036007000300056040001700059100002900076245010200105250001200207300003500219020002200254041000800276082001000284084001600294090002200310264002900332336002100361337003000382338002300412650001400435700004600449700003600495850001000531008004100541990002200582990002200604INLIS00000000000662120260411070142 a0010-0522000068ta aSBPUPADbind0 aJuraida RoitoePengarang1 aAsuhan Kebidanan Ibu Nifas /cJuraida Roito, Pengarang ke-2, Nurmailis Noor; Pengarang 3, Mardiah a.-Cet.1 aviii, 82 hlm. :bilus. ;c21cm a978-979-044-137-80 aind a618.2 a618.2 JUR a a618.2 JUR a L18-5 a.--Jakarta :bEGC,c2010 2rdacontentaTeks 2rdamediaaTanpa Perantara 2rdacarrieravolume 4aKebidanan0 aPengarang ke-2, Nurmailis NoorePengarang0 aPengarang 3, MardiahePengarang aPUPAD260411 0  a17324/Br/KAPD2012 a17326/Br/KAPD2012